000
00269nam a2200109 a 4500
005
20140414132037.0
008
110322s19uu xx 00 eng d
050
_a
TR
_b
W62 1994
100
_a
Williams, Rozanne Lanczak
245
_a
Whose forest is it?.
999
_c
113756
_d
113756